[Event "Championnat de France - Open A"]
[Site "Pau"]
[Date "2008.08.12"]
[Round "1.59"]
[White "Poignot, Quentin"]
[Black "Thon, Gabriel"]
[Result "1-0"]
[WhiteElo "2087"]
[BlackElo "1985"]
[PlyCount "73"]

1. e4 c5 2. Nf3 e6 3. d4 cxd4 4. Nxd4 a6 5. Bd3 Bc5 6. Nb3 Be7 7. Qg4 Nf6 8.
Qg3 d6 9. Nc3 Nc6 10. O-O Ne5 11. Be2 b5 12. f4 Ng6 13. Bf3 Bb7 14. a3 Qb6+ 15.
Kh1 O-O 16. Bd2 Nd7 17. Bg4 f5 18. Bh3 Nc5 19. exf5 exf5 20. Be3 Qc7 21. Qe1
Ne4 22. Nxe4 Bxe4 23. Nd4 Qb7 24. c3 Rfe8 25. Qd2 Nh4 26. Rae1 Bf6 27. Kg1 Re7
28. Qf2 Rae8 29. Bd2 Qd5 30. Re2 Bd3 31. Rxe7 Rxe7 32. Re1 Rxe1+ 33. Bxe1 a5
34. Qe3 Bc4 35. Bxh4 Bxh4 36. Bxf5 Ba2 37. Be6+ 1-0

[Event "Championnat de France - Open A"]
[Site "Pau"]
[Date "2008.08.12"]
[Round "1.60"]
[White "Bollard, Maxime"]
[Black "Galby, Vassili"]
[Result "0-1"]
[WhiteElo "1980"]
[BlackElo "2086"]
[PlyCount "88"]

1. d4 Nf6 2. c4 g6 3. Nc3 Bg7 4. e4 d6 5. Be2 O-O 6. Nf3 e5 7. O-O Nc6 8. d5
Ne7 9. Nd2 Ne8 10. b4 f5 11. c5 Nf6 12. f3 f4 13. Nc4 g5 14. g4 h5 15. h3 Ng6
16. Ba3 Rf7 17. b5 dxc5 18. d6 Bf8 19. dxc7 Qxc7 20. Nd5 Nxd5 21. Qxd5 hxg4 22.
hxg4 Qe7 23. Rad1 Be6 24. Qd2 Qc7 25. Bb2 Rd7 26. Qc3 Rad8 27. Rxd7 Rxd7 28.
Kg2 Bg7 29. a4 b6 30. Rd1 Rxd1 31. Bxd1 Bf6 32. Bb3 Kf8 33. Nd2 Qd7 34. Bxe6
Qxe6 35. Qc4 Ke7 36. Qd5 Qd7 37. Nc4 Qxd5 38. exd5 e4 39. Bxf6+ Kxf6 40. fxe4
Ne5 41. Nd6 c4 42. Kf2 c3 43. Ke1 f3 44. Nf5 f2+ 0-1

[Event "Championnat de France - Open A"]
[Site "Pau"]
[Date "2008.08.12"]
[Round "1.61"]
[White "Donskoi, Karel"]
[Black "Kirk, Jason"]
[Result "1-0"]
[WhiteElo "2084"]
[BlackElo "1979"]
[PlyCount "47"]
[EventDate "2008.??.??"]

1. e4 c5 2. Nf3 Nc6 3. d4 cxd4 4. Nxd4 e6 5. Nc3 Qc7 6. g3 a6 7. Bg2 Nf6 8. O-O
Nxd4 9. Qxd4 Bc5 10. Qd1 d6 11. Bg5 Nd7 12. Kh1 b5 13. Qe2 O-O 14. f4 Bb7 15.
f5 b4 16. Na4 Bd4 17. Rad1 Be5 18. fxe6 fxe6 19. Rxf8+ Rxf8 20. Qd2 Rc8 21.
Qxb4 a5 22. Qb3 Qc4 23. Qxb7 Qxc2 24. Qb3 1-0

[Event "Championnat de France - Open A"]
[Site "Pau"]
[Date "2008.08.12"]
[Round "1.62"]
[White "Jouneau, Quentin"]
[Black "Quenehen, Marc"]
[Result "1-0"]
[WhiteElo "1978"]
[BlackElo "2084"]
[PlyCount "58"]

1. e4 c5 2. Nf3 e6 3. d4 cxd4 4. Nxd4 a6 5. g3 Nf6 6. Nc3 d5 7. e5 Nfd7 8. f4
Nc6 9. Be3 Qc7 10. Qg4 Nxd4 11. Bxd4 h5 12. Qe2 g6 13. O-O-O Be7 14. Bg2 Nb6
15. Rhe1 Bd7 16. Bxd5 Nxd5 17. Nxd5 exd5 18. e6 Bxe6 19. Bxh8 Bg4 20. Qe5 Qxe5
21. Bxe5 Bxd1 22. Bf6 Bf3 23. Rxe7+ Kf8 24. Rxb7 Be4 25. Rc7 Bf5 26. c3 Ke8 27.
Re7+ Kf8 28. b4 Rc8 29. Ra7 Rc6 {suite illisible} 1-0

[Event "Championnat de France - Open A"]
[Site "Pau"]
[Date "2008.08.12"]
[Round "1.63"]
[White "Medeuf, Yonhel"]
[Black "Charpentier, Denis"]
[Result "0-1"]
[WhiteElo "2080"]
[BlackElo "1974"]
[PlyCount "64"]

1. e4 c6 2. d4 d5 3. Nc3 dxe4 4. Nxe4 Nf6 5. Nxf6+ gxf6 6. Bc4 Bf5 7. Ne2 e6 8.
f3 h5 9. Bf4 Nd7 10. Bb3 Nb6 11. c4 Bb4+ 12. Bd2 Bxd2+ 13. Qxd2 Qc7 14. Ng3 Bg6
15. Ne4 Bxe4 16. fxe4 O-O-O 17. Qf2 c5 18. dxc5 Nd7 19. O-O Rhg8 20. Kh1 Qe5
21. Bc2 Nxc5 22. b4 Nxe4 23. Qxa7 f5 24. Bxe4 Qxe4 25. Rf2 h4 26. b5 Qd4 27.
Qa8+ Kc7 28. Qa5+ Kb8 29. Qe1 h3 30. gxh3 Qxc4 31. Qe5+ Ka8 32. b6 Qc6+ 0-1

[Event "Championnat de France - Open A"]
[Site "Pau"]
[Date "2008.08.12"]
[Round "1.64"]
[White "Bekhouche, Christophe"]
[Black "Dargagnon, Remi"]
[Result "0-1"]
[WhiteElo "1973"]
[BlackElo "2079"]
[PlyCount "58"]
[EventDate "2008.??.??"]

1. Nf3 Nf6 2. g3 e6 3. Bg2 d5 4. O-O Be7 5. d3 O-O 6. Nbd2 c5 7. e4 Nc6 8. Re1
b5 9. e5 Nd7 10. c3 Rb8 11. Nf1 b4 12. h4 f6 13. d4 bxc3 14. bxc3 Qa5 15. Bd2
Qa3 16. Bh3 Nb6 17. exf6 Bxf6 18. Ng5 e5 19. Bxc8 Rbxc8 20. dxe5 Nxe5 21. Rxe5
Bxe5 22. Qh5 h6 23. Ne6 Bxc3 24. Bxh6 Bxa1 25. Ne3 Qb2 26. Bf4 Rxf4 27. Nxf4
Qe5 28. Nf5 Rf8 29. g4 Rxf5 0-1

[Event "Championnat de France - Open A"]
[Site "Pau"]
[Date "2008.08.12"]
[Round "1.65"]
[White "Favarel, Antoine"]
[Black "Budin, Florent"]
[Result "1-0"]
[WhiteElo "2074"]
[BlackElo "1973"]
[PlyCount "79"]

1. e4 e6 2. d3 d5 3. Nd2 Nf6 4. Ngf3 Bc5 5. e5 Nfd7 6. d4 Bb6 7. Bb5 a6 8. Ba4
Ba7 9. c3 b5 10. Bc2 c5 11. dxc5 Nxc5 12. O-O Nc6 13. Nb3 Nd7 14. Bf4 h6 15.
Bg3 Bb7 16. Nbd4 Qe7 17. Nxc6 Bxc6 18. Nd4 Bb7 19. f4 g6 20. Kh1 Rc8 21. a4 b4
22. Be1 bxc3 23. bxc3 Nb6 24. Qb1 Rg8 25. a5 Nc4 26. Ba4+ Kf8 27. Bh4 Qc7 28.
f5 gxf5 29. Qc1 Qxe5 30. Rb1 Ba8 31. Bd7 Qg7 32. Bg3 Rc5 33. Bxe6 Nxa5 34. Bd6+
Ke8 35. Qd2 Nc4 36. Qe2 fxe6 37. Bxc5 Bxc5 38. Rb8+ Kd7 39. Qxe6+ Kc7 40. Rxg8
1-0

[Event "Championnat de France - Open A"]
[Site "Pau"]
[Date "2008.08.12"]
[Round "1.66"]
[White "Dubocage, Claude"]
[Black "Brongers, Henk"]
[Result "1-0"]
[WhiteElo "1970"]
[BlackElo "2070"]
[PlyCount "83"]

1. d4 Nf6 2. Nf3 g6 3. g3 Bg7 4. Bg2 d6 5. O-O O-O 6. c4 c5 7. h3 Nc6 8. Nc3
cxd4 9. Nxd4 Bd7 10. Be3 Qc8 11. Nxc6 Bxc6 12. Nd5 Nxd5 13. cxd5 Bb5 14. Rc1
Qd7 15. Qd2 b6 16. Rc2 Rac8 17. Rfc1 Ba6 18. Bd4 Bxd4 19. Qxd4 Rxc2 20. Rxc2
Rc8 21. Qd2 Rc5 22. Rxc5 dxc5 23. e4 Qd6 24. Qc3 f6 25. Bf1 Bc8 26. b4 Bd7 27.
bxc5 Qxc5 28. Qxc5 bxc5 29. h4 Ba4 30. Bc4 Kf7 31. f4 h6 32. Kf2 g5 33. hxg5
hxg5 34. Kf3 Kg7 35. e5 fxe5 36. fxe5 Bc2 37. Ke3 Kg6 38. Bd3+ Bxd3 39. Kxd3
Kf5 40. e6 Ke5 41. Kc4 g4 42. Kxc5 1-0

[Event "Championnat de France - Open A"]
[Site "Pau"]
[Date "2008.08.12"]
[Round "1.67"]
[White "Vignier, Pascal"]
[Black "Hurpeau, Jean-Marc"]
[Result "1/2-1/2"]
[WhiteElo "2068"]
[BlackElo "1966"]
[PlyCount "169"]

1. e4 e6 2. d4 d5 3. Nd2 c5 4. exd5 exd5 5. Ngf3 Nc6 6. Bb5 Bd6 7. O-O Nge7 8.
dxc5 Bxc5 9. Nb3 Bd6 10. Ng5 Bf5 11. Nd4 Bg6 12. f4 h6 13. Nh3 O-O 14. Bxc6
Nxc6 15. f5 Bh7 16. Kh1 Qf6 17. Nb5 Be5 18. Nf4 Bxf5 19. Nxd5 Qh4 20. Bf4 Bg6
21. Bxe5 Nxe5 22. Rf4 Qd8 23. Rd4 Rc8 24. c3 Nc6 25. Rd2 a6 26. Na3 Qg5 27. Qe1
Rfe8 28. Qf2 Re5 29. h4 Qg4 30. Ne3 Qe4 31. Nac4 Rh5 32. Nd6 Qxh4+ 33. Qxh4
Rxh4+ 34. Kg1 Rd8 35. g3 Rh5 36. Rad1 Rb8 37. Nd5 Re5 38. Nf4 Kh7 39. Nc4 Rg5
40. Kf2 Bf5 41. Nd6 Bg4 42. Re1 Rd8 43. Rd3 Rd7 44. Ne4 Rb5 45. Rxd7 Bxd7 46.
b4 Ne5 47. Nc5 Ng4+ 48. Kf3 Nf6 49. Re7 Bc6+ 50. Kf2 Kg8 51. Ne2 Rxc5 52. bxc5
Ne4+ 53. Ke3 Nxc5 54. Nd4 Bg2 55. Rc7 Ne6 56. Rc8+ Kh7 57. Nf3 g5 58. a4 h5 59.
a5 Kg6 60. Ne5+ Kg7 61. Nc4 h4 62. gxh4 gxh4 63. Kf2 Bc6 64. Nd6 Nc5 65. Kg1
Ne4 66. Nf5+ Kf6 67. Nd4 Bd5 68. Rc7 Nd6 69. Rd7 Ke5 70. Rd8 Nc4 71. Nb3 Ne3
72. Re8+ Kf4 73. Nd4 Nc4 74. Nb3 Nd6 75. Rd8 Bxb3 76. Rxd6 Ke5 77. Rh6 Bd5 78.
Rxh4 f5 79. Kf2 Be4 80. Ke3 Kd5 81. Rh6 Kc4 82. Rb6 Kxc3 83. Kf4 Kd4 84. Rb4+
Kc5 85. Rb6 1/2-1/2

[Event "Championnat de France - Open A"]
[Site "Pau"]
[Date "2008.08.12"]
[Round "1.68"]
[White "Hodot, Yves"]
[Black "Dionisi, Thomas"]
[Result "0-1"]
[WhiteElo "1963"]
[BlackElo "2067"]
[PlyCount "94"]

1. e4 c5 2. b4 cxb4 3. c4 e5 4. Nf3 Nc6 5. a3 Nf6 6. Bd3 bxa3 7. Nc3 Bc5 8. O-O
d6 9. Nd5 Bg4 10. Ne3 Bh5 11. h3 O-O 12. Bxa3 Nd4 13. g4 Bg6 14. Nxd4 Bxd4 15.
Nf5 Bxf5 16. exf5 Bxa1 17. Qxa1 Qc7 18. Be2 a6 19. d4 Rfe8 20. g5 Ne4 21. h4
Nd2 22. Qc3 Nxf1 23. Bxf1 d5 24. Qg3 Rac8 25. g6 exd4 26. Bd6 Qd7 27. f6 fxg6
28. Bg2 gxf6 29. Bxd5+ Kg7 30. h5 Qf5 31. Qb3 b5 32. c5 Qg4+ 33. Kf1 Qe2+ 34.
Kg2 d3 35. Bf3 Qc2 36. Qd5 d2 37. h6+ Kxh6 38. Bf4+ g5 39. Bd6 d1=Q 40. Bxd1
Qe4+ 41. Bf3 Qxd5 42. Bxd5 a5 43. Bb7 b4 44. c6 b3 45. Ba3 Rc7 46. Bb2 Rxb7 47.
cxb7 Rb8 0-1

[Event "Championnat de France - Open A"]
[Site "Pau"]
[Date "2008.08.12"]
[Round "1.69"]
[White "Forestier, Carole"]
[Black "Chizelle, Bernard"]
[Result "1-0"]
[WhiteElo "2067"]
[BlackElo "1960"]
[PlyCount "53"]
[EventDate "2008.??.??"]

1. d4 Nf6 2. c4 g6 3. Nc3 Bg7 4. e4 d6 5. f4 c5 6. d5 O-O 7. Nf3 Na6 8. Be2 Nc7
9. O-O a6 10. a4 b6 11. Qe1 Nd7 12. Qg3 Re8 13. e5 Nf8 14. Bd3 Bd7 15. f5 dxe5
16. Nxe5 Bxe5 17. Qxe5 f6 18. Qg3 g5 19. Ne4 Kh8 20. d6 exd6 21. Nxd6 Re7 22.
Bxg5 Rg7 23. Qf3 Ra7 24. Bh6 Re7 25. Rae1 Bxa4 26. Rxe7 Qxe7 27. Nc8 1-0

[Event "Championnat de France - Open A"]
[Site "Pau"]
[Date "2008.08.12"]
[Round "1.70"]
[White "Durandeau, Jean-Marie"]
[Black "Ider, Borya"]
[Result "0-1"]
[WhiteElo "1956"]
[BlackElo "2065"]
[PlyCount "74"]

1. e4 c6 2. d4 d5 3. e5 c5 4. dxc5 Nc6 5. Bb5 e6 6. Be3 Bd7 7. Bxc6 Bxc6 8. Ne2
Ne7 9. Nd4 Ng6 10. f4 Qh4+ 11. g3 Qh3 12. Qe2 Bxc5 13. Nd2 Bxd4 14. Bxd4 O-O
15. Nf3 a6 16. O-O-O Bb5 17. Qe3 Rfc8 18. Rhg1 Qf5 19. Rd2 Rc6 20. Bc3 Rc7 21.
Nd4 Qg4 22. f5 exf5 23. Nxb5 axb5 24. Rd4 f4 25. gxf4 Qc8 26. Kb1 Ne7 27. Rb4
Nf5 28. Qd3 Qe6 29. a3 Rac8 30. Rg2 Rc4 31. Rf2 d4 32. Be1 g6 33. b3 R4c7 34.
Rxb5 Ne3 35. c4 dxc3 36. Qxe3 c2+ 37. Kc1 Qd7 0-1

[Event "Championnat de France - Open A"]
[Site "Pau"]
[Date "2008.08.12"]
[Round "1.71"]
[White "Smith, Matthieu"]
[Black "Eid, Maha"]
[Result "1-0"]
[WhiteElo "2064"]
[BlackElo "1953"]
[PlyCount "135"]

1. d4 Nf6 2. c4 e6 3. Nf3 b6 4. e3 Bb7 5. Bd3 Be7 6. O-O O-O 7. Nc3 c5 8. d5
exd5 9. Nxd5 Nxd5 10. cxd5 d6 11. e4 Bf6 12. Qc2 g6 13. Bf4 Na6 14. Qe2 Nb4 15.
Bc4 a5 16. Rae1 Re8 17. Qd2 Ba6 18. Bxa6 Rxa6 19. a3 Bxb2 20. Qxb2 Nd3 21. Qb5
Nxe1 22. Qxa6 Nxf3+ 23. gxf3 Qf6 24. Rb1 Qxf4 25. Qd3 Re5 26. Qe3 Qxe3 27. fxe3
f5 28. Rxb6 fxe4 29. Rxd6 exf3 30. Kf2 Kf7 31. Kxf3 Ke7 32. Ra6 Rxd5 33. Rxa5
Rf5+ 34. Ke4 Rh5 35. Kf4 Kd6 36. Ra6+ Kd5 37. e4+ Kc4 38. e5 Rxh2 39. e6 Re2
40. Kg5 Kb5 41. Rd6 c4 42. Kf6 c3 43. Rd8 c2 44. Rc8 Ka4 45. Rc3 g5 46. e7 g4
47. Rxc2 Rxc2 48. e8=Q+ Kxa3 49. Qe4 Rc5 50. Qxh7 Rc4 51. Ke5 Kb4 52. Qb1+ Kc3
53. Qd1 Kb4 54. Qd2+ Kb5 55. Qb2+ Kc6 56. Qa3 Rc5+ 57. Ke6 Rb5 58. Qd6+ Kb7 59.
Qf4 Rb6+ 60. Kf7 Ka8 61. Qxg4 Rb7+ 62. Ke6 Rb6+ 63. Kd7 Ka7 64. Qa4+ Kb7 65.
Qa5 Ra6 66. Qc7+ Ka8 67. Kd8 Rb6 68. Kc8 1-0

[Event "Championnat de France - Open A"]
[Site "Pau"]
[Date "2008.08.12"]
[Round "1.72"]
[White "Lambert, Romain"]
[Black "Iwanesko, Alexandre"]
[Result "1-0"]
[WhiteElo "1953"]
[BlackElo "2062"]
[PlyCount "106"]

1. d4 Nf6 2. c4 g6 3. Nc3 Bg7 4. e4 d6 5. Nf3 O-O 6. Be2 e5 7. O-O Nc6 8. d5
Ne7 9. b4 Ne8 10. Re1 h6 11. c5 f5 12. Nd2 Kh8 13. a4 Ng8 14. Ba3 Rf7 15. b5
Bf8 16. cxd6 cxd6 17. Nc4 Ngf6 18. b6 a6 19. exf5 gxf5 20. Bh5 Nxh5 21. Qxh5
Qf6 22. Rac1 Ng7 23. Qd1 Be7 24. f4 e4 25. Bb2 Qg6 26. Re3 Bd7 27. Ne2 Rg8 28.
Rg3 Qh7 29. Nd4 Rf6 30. Ne6 Rg6 31. Nxg7 R8xg7 32. Rxg6 Qxg6 33. Bxg7+ Qxg7 34.
Ne3 Bd8 35. a5 Kh7 36. Qd2 h5 37. Nc4 Be7 38. Rc3 Bb5 39. Na3 Bd3 40. Nc2 Kh6
41. Rxd3 exd3 42. Qxd3 Qb2 43. Ne3 Bf6 44. Nxf5+ Kg6 45. Nxd6+ Kh6 46. Nf5+ Kh7
47. Ng3+ Kh8 48. Qd1 h4 49. Nf5 Kg8 50. d6 Kf7 51. d7 Ke6 52. Ne3 Qc3 53. Qd5+
Ke7 1-0

[Event "Championnat de France - Open A"]
[Site "Pau"]
[Date "2008.08.12"]
[Round "1.73"]
[White "Marchadour, Claire"]
[Black "Brunier, Jules"]
[Result "1/2-1/2"]
[WhiteElo "2060"]
[BlackElo "1937"]
[PlyCount "105"]

1. e4 e6 2. d4 d5 3. Nc3 Nf6 4. e5 Nfd7 5. f4 c5 6. Nf3 Nc6 7. Be3 cxd4 8. Nxd4
Bc5 9. Nxc6 bxc6 10. Bxc5 Nxc5 11. b4 Nd7 12. Qd2 O-O 13. a4 f6 14. b5 c5 15.
Nxd5 Nxe5 16. fxe5 exd5 17. O-O-O Be6 18. Qc3 Qc7 19. Re1 Rae8 20. exf6 Rxf6
21. Re5 Rf5 22. Rxf5 Bxf5 23. Bd3 Re3 24. Re1 d4 25. Bc4+ Kf8 26. Qd2 Rc3 27.
Rf1 g6 28. Qh6+ Qg7 29. Qxg7+ Kxg7 30. Bd5 Rxc2+ 31. Kd1 d3 32. h3 h5 33. Rf4
Re2 34. Rc4 Be6 35. Bxe6 Rxe6 36. Rxc5 Kf6 37. a5 Rd6 38. Rc7 Rd5 39. b6 axb6
40. axb6 Rb5 41. b7 Ke6 42. Kd2 Rb3 43. Ke3 Kf6 44. h4 Kf5 45. Kf3 d2+ 46. Ke2
Rb2 47. g3 Kg4 48. Rc3 d1=Q+ 49. Kxd1 Rxb7 50. Ke2 Rb2+ 51. Kf1 Rb1+ 52. Kf2
Rb2+ 53. Kf1 1/2-1/2

[Event "Championnat de France - Open A"]
[Site "Pau"]
[Date "2008.08.12"]
[Round "1.74"]
[White "Brih, Touatia"]
[Black "Daspres, Loic"]
[Result "1-0"]
[WhiteElo "1934"]
[BlackElo "2060"]
[PlyCount "75"]

1. e4 g6 2. d4 Bg7 3. c3 d6 4. f4 Nf6 5. Nd2 O-O 6. Ngf3 c6 7. Bd3 Qc7 8. O-O
Nbd7 9. Qe1 e5 10. f5 d5 11. Nxe5 Nxe5 12. dxe5 Ng4 13. Qg3 gxf5 14. exf5 Qxe5
15. Qxg4 Qe3+ 16. Kh1 Qxd3 17. Rf3 Qe2 18. Qg3 Kh8 19. f6 Bh6 20. Nf1 Rg8 21.
Bxh6 Rxg3 22. Nxg3 Qc2 23. Re1 Bg4 24. Rfe3 Be6 25. Rxe6 fxe6 26. f7 Qg6 27.
f8=Q+ Rxf8 28. Bxf8 e5 29. Rf1 e4 30. Bc5 h5 31. Rf8+ Kh7 32. Bd4 Qe6 33. Nxh5
Qe7 34. Nf6+ Kg6 35. Rg8+ Kf5 36. g4+ Kf4 37. Kg2 e3 38. Re8 1-0

[Event "Championnat de France - Open A"]
[Site "Pau"]
[Date "2008.08.12"]
[Round "1.75"]
[White "David, Frederic"]
[Black "Muratet, Lucas"]
[Result "1-0"]
[WhiteElo "2054"]
[BlackElo "1934"]
[PlyCount "81"]

1. e4 c5 2. Nc3 e6 3. f4 Nc6 4. Nf3 a6 5. g3 d5 6. d3 Nf6 7. e5 Nd7 8. Bg2 Be7
9. O-O b5 10. Re1 O-O 11. h4 b4 12. Nb1 h6 13. Bh3 Nb6 14. c3 bxc3 15. bxc3 Rb8
16. Nbd2 f5 17. Nf1 Bd7 18. h5 Na7 19. g4 fxg4 20. Bxg4 Nb5 21. Bd2 Nc7 22. Re2
Bb5 23. Ne1 Ba4 24. Qc1 Bc6 25. Bf3 Qd7 26. Rg2 Kh7 27. Rg6 Na4 28. f5 Rxf5 29.
Bxh6 Bf8 30. Ng3 gxh6 31. Nxf5 exf5 32. Qf4 Re8 33. Ng2 Bg7 34. Re1 Ba8 35. e6
Qe7 36. Qxf5 Kh8 37. Nf4 Rf8 38. Qg4 Rf6 39. Rb1 Qf8 40. Rxf6 Qxf6 41. Rb8+ 1-0

[Event "Championnat de France - Open A"]
[Site "Pau"]
[Date "2008.08.12"]
[Round "1.76"]
[White "Fourcand, Pierre"]
[Black "Hirt, Jean"]
[Result "1/2-1/2"]
[WhiteElo "1933"]
[BlackElo "2053"]
[PlyCount "90"]

1. e4 g6 2. d4 d6 3. Nc3 Bg7 4. Be3 Nf6 5. Qd2 Ng4 6. Bg5 h6 7. Bh4 g5 8. Bg3
e5 9. dxe5 Nxe5 10. Bxe5 Bxe5 11. Bc4 Be6 12. Bb3 Bxb3 13. axb3 Nc6 14. Nge2
Nb4 15. Nb5 a5 16. c3 Nc6 17. Nbd4 Nxd4 18. cxd4 Bg7 19. Rxa5 O-O 20. Rxa8 Qxa8
21. O-O f5 22. Qc2 fxe4 23. Qxc7 d5 24. Qb6 Rf6 25. Qb5 b6 26. Qb4 Bf8 27. Qa4
Qb7 28. Qb5 Qc6 29. Qxc6 Rxc6 30. Nc3 Rd6 31. Rc1 Rc6 32. Ne2 Rxc1+ 33. Nxc1
Kf7 34. Kf1 Bg7 35. Ne2 Ke6 36. Ke1 b5 37. Kd2 b4 38. Ke3 h5 39. Ng3 h4 40. Ne2
Bh6 41. f3 g4+ 42. f4 Kf5 43. g3 h3 44. Kf2 Bg7 45. Ke3 Bf8 1/2-1/2

[Event "Championnat de France - Open A"]
[Site "Pau"]
[Date "2008.08.12"]
[Round "1.77"]
[White "Bourdeaud'Huy, Thomas"]
[Black "Pradere, Anthony"]
[Result "1-0"]
[WhiteElo "2052"]
[BlackElo "1930"]
[PlyCount "88"]

1. e4 c5 2. Nc3 Nc6 3. f4 e6 4. Nf3 Nge7 5. Bb5 a6 6. Bxc6 Nxc6 7. O-O Be7 8.
d3 O-O 9. Ng5 h6 10. Nh3 f5 11. g4 fxg4 12. Qxg4 d5 13. e5 Nd4 14. Rf2 Nf5 15.
Ne2 Bd7 16. Rg2 Rf7 17. Ng3 Qf8 18. Bd2 Rc8 19. Nxf5 Rxf5 20. Nf2 Be8 21. Nh1
h5 22. Qh3 h4 23. Nf2 Bh5 24. Ng4 Bxg4 25. Qxg4 Qf7 26. Kh1 Kh7 27. Rag1 Rg8
28. Qg6+ Kh8 29. Qxf7 Rxf7 30. Rg6 Kh7 31. Rxe6 g6 32. Rg4 d4 33. Kg2 Rgg7 34.
c3 Rf5 35. cxd4 cxd4 36. Kf3 Rh5 37. h3 Bc5 38. Ke4 Rf5 39. Be1 Be7 40. Bxh4
Bb4 41. Bf2 Rgf7 42. Rexg6 Rxf4+ 43. Rxf4 Rxf4+ 44. Kxf4 Kxg6 1-0

[Event "Championnat de France - Open A"]
[Site "Pau"]
[Date "2008.08.12"]
[Round "1.78"]
[White "Neri, Jean-Baptiste"]
[Black "Lamouille, Patrick"]
[Result "1-0"]
[WhiteElo "1928"]
[BlackElo "2052"]
[PlyCount "49"]
[EventDate "2008.??.??"]

1. e4 g6 2. d4 Bg7 3. Nc3 d6 4. Be3 Nf6 5. f3 O-O 6. Qd2 c6 7. g4 e5 8. Nge2 b5
9. Ng3 b4 10. Nce2 a5 11. h4 Qe7 12. h5 d5 13. hxg6 fxg6 14. dxe5 Qxe5 15. Bd4
Qe7 16. g5 Ne8 17. exd5 Bb7 18. Bxg7 Kxg7 19. O-O-O cxd5 20. Nd4 Nc7 21. Re1
Qd7 22. Bh3 Qf7 23. Ndf5+ gxf5 24. Nxf5+ Kg6 25. Ne7+ 1-0

[Event "Championnat de France - Open A"]
[Site "Pau"]
[Date "2008.08.12"]
[Round "1.79"]
[White "Lahilhanne, Philippe"]
[Black "Peyre, Thomas"]
[Result "1/2-1/2"]
[WhiteElo "2051"]
[BlackElo "1922"]
[PlyCount "131"]

1. c4 e5 2. g3 Nf6 3. Bg2 d5 4. cxd5 Nxd5 5. Nc3 Nb6 6. Nf3 Nc6 7. O-O Be7 8.
d3 O-O 9. a3 a5 10. Bd2 Be6 11. Rc1 a4 12. Ne4 Bb3 13. Qe1 Nd7 14. Be3 f6 15.
Nc5 Nxc5 16. Bxc5 Na5 17. Qb4 Bxc5 18. Rxc5 b6 19. Rc3 c5 20. Qb5 Nb7 21. Nd2
Nd6 22. Qc6 Rc8 23. Qf3 Nb5 24. Rcc1 Nd4 25. Qe4 f5 26. Qe3 f4 27. Qe4 Bf7 28.
Rfe1 Qf6 29. Nf3 Rcd8 30. Nxd4 Rxd4 31. Qc6 Qxc6 32. Bxc6 Be8 33. Be4 Bd7 34.
Rc3 Be6 35. Rec1 Bb3 36. f3 Rd7 37. Bc6 Rc7 38. Bb5 Ra7 39. Kf2 Rd8 40. Bc4+
Bxc4 41. Rxc4 fxg3+ 42. hxg3 Rd4 43. Ke3 Kf7 44. Rh1 h6 45. Rh5 Kf6 46. Rc1 Re7
47. Rc3 Kg6 48. Rh1 h5 49. Rb1 Re6 50. b3 axb3 51. Rcxb3 Rdd6 52. Rb5 Kf5 53.
a4 Rc6 54. Rc1 Re8 55. a5 bxa5 56. Rcxc5 Rxc5 57. Rxc5 Ra8 58. d4 a4 59. Rxe5+
Kg6 60. Rc5 a3 61. Rc1 a2 62. Ra1 Kf6 63. Kf2 g5 64. e4 Ra4 65. Kg2 Ke6 66. Kh3
1/2-1/2

[Event "Championnat de France - Open A"]
[Site "Pau"]
[Date "2008.08.12"]
[Round "1.80"]
[White "Auvray, Simon"]
[Black "Migot, Tanguy"]
[Result "0-1"]
[WhiteElo "1920"]
[BlackElo "2050"]
[PlyCount "66"]
[EventDate "2008.??.??"]

1. e4 c5 2. Nf3 d6 3. c3 Nf6 4. Be2 Nbd7 5. Qc2 Qc7 6. O-O e6 7. Re1 Be7 8. Bf1
O-O 9. Qd1 b6 10. d4 Bb7 11. Bd3 Rfe8 12. Bg5 h6 13. Bh4 Nf8 14. Bg3 c4 15. Bc2
N6d7 16. Nbd2 e5 17. Ba4 exd4 18. cxd4 a6 19. e5 b5 20. Bc2 dxe5 21. Nxe5 Nxe5
22. Bxe5 Bd6 23. Qh5 Bxe5 24. dxe5 Rad8 25. Rad1 c3 26. bxc3 Qxc3 27. Bb3 Bd5
28. Bxd5 Rxd5 29. Nf3 Rxd1 30. Rxd1 Qc2 31. Re1 Qxa2 32. g4 Qe6 33. Rd1 Qb3 0-1

[Event "Championnat de France - Open A"]
[Site "Pau"]
[Date "2008.08.13"]
[Round "2.1"]
[White "Poignot, Quentin"]
[Black "Marcantoni, Herve"]
[Result "0-1"]
[WhiteElo "2087"]
[BlackElo "2198"]
[PlyCount "76"]

1. e4 c5 2. Nf3 d6 3. d4 cxd4 4. Nxd4 Nf6 5. Nc3 Nc6 6. Bg5 e6 7. Qd2 a6 8.
O-O-O Bd7 9. f4 b5 10. Nxc6 Bxc6 11. Bd3 h6 12. Bxf6 gxf6 13. Rhe1 Bg7 14. Qe3
b4 15. Nd5 a5 16. Nb6 Rb8 17. Nc4 O-O 18. e5 d5 19. exf6 Qxf6 20. Ne5 Bb5 21.
g4 Bxd3 22. Rxd3 Rfc8 23. Rg1 Rc4 24. Rd4 Rxd4 25. Qxd4 Rc8 26. b3 Qe7 27. h4
Qxh4 28. g5 hxg5 29. Rxg5 Qe1+ 30. Kb2 Qc3+ 31. Qxc3 bxc3+ 32. Kc1 f6 33. Ng6
fxg5 34. Ne7+ Kf8 35. Nxc8 gxf4 36. Kd1 f3 37. Ke1 d4 38. Nb6 d3 0-1

[Event "Championnat de France - Open A"]
[Site "Pau"]
[Date "2008.08.13"]
[Round "2.3"]
[White "Galby, Vassili"]
[Black "Guezennec, Franck"]
[Result "1/2-1/2"]
[WhiteElo "2086"]
[BlackElo "2190"]
[PlyCount "104"]

1. Nf3 Nf6 2. c4 e6 3. Nc3 c5 4. g3 Nc6 5. Bg2 Be7 6. O-O O-O 7. e4 d6 8. d4
cxd4 9. Nxd4 Qc7 10. Be3 a6 11. Rc1 Nxd4 12. Bxd4 Bd7 13. Qe2 Rac8 14. b3 Qa5
15. e5 dxe5 16. Qxe5 Qb4 17. Ne4 Bc6 18. Bc3 Qa3 19. Nxf6+ Bxf6 20. Qa5 Qxa5
21. Bxa5 Bxg2 22. Kxg2 Bd8 23. Bxd8 Rfxd8 24. Rfd1 Kf8 25. f4 Ke7 26. Kf2 a5
27. Ke2 Kf6 28. Ke3 Kf5 29. Rxd8 Rxd8 30. c5 Kg4 31. c6 bxc6 32. Rxc6 Rd5 33.
Rc7 Rf5 34. a3 h5 35. b4 axb4 36. axb4 g5 37. fxg5 Rxg5 38. Rxf7 Kh3 39. Rf2
Rb5 40. Rb2 Kg4 41. Kd4 Kf3 42. Kc4 Rb8 43. b5 e5 44. Kd5 e4 45. b6 e3 46. Kc6
e2 47. Rb1 Kf2 48. Kc7 Re8 49. b7 e1=Q 50. Rxe1 Kxe1 51. h3 Kf1 52. g4 hxg4
1/2-1/2

[Event "Championnat de France - Open A"]
[Site "Pau"]
[Date "2008.08.13"]
[Round "2.4"]
[White "Dargagnon, Remi"]
[Black "Zarrouati, Pierre"]
[Result "1/2-1/2"]
[WhiteElo "2079"]
[BlackElo "2188"]
[PlyCount "79"]

1. d4 Nf6 2. Nf3 g6 3. c4 Bg7 4. g3 O-O 5. Bg2 c5 6. d5 d6 7. Nc3 h6 8. O-O Bg4
9. h3 Bxf3 10. exf3 Nbd7 11. f4 Nh7 12. Re1 f5 13. Qc2 Rf7 14. Bd2 Ndf8 15. Re2
Qd7 16. Rae1 a6 17. a4 b6 18. Re6 Rb8 19. Bf3 Qd8 20. R6e2 Bd4 21. Be3 Bf6 22.
Na2 Qc8 23. b4 Rg7 24. Rb1 g5 25. a5 bxa5 26. bxc5 Rxb1+ 27. Qxb1 dxc5 28. Qb6
Ng6 29. Bxc5 gxf4 30. d6 exd6 31. Bd5+ Kh8 32. Qxd6 fxg3 33. Bc6 gxf2+ 34. Kxf2
Ne7 35. Bf3 Ng5 36. Rxe7 Bxe7 37. Qxh6+ Kg8 38. Bd5+ Nf7 39. Bxe7 Qb8 40. Bxf7+
1/2-1/2

[Event "Championnat de France - Open A"]
[Site "Pau"]
[Date "2008.08.13"]
[Round "2.5"]
[White "Marciniak, Alexandre"]
[Black "Favarel, Antoine"]
[Result "1/2-1/2"]
[WhiteElo "2186"]
[BlackElo "2074"]
[PlyCount "48"]

1. e4 c5 2. Nf3 Nc6 3. d4 cxd4 4. Nxd4 Nf6 5. Nc3 e5 6. Ndb5 d6 7. Bg5 a6 8.
Na3 Be6 9. Nc4 Rc8 10. Nd5 Bxd5 11. Bxf6 gxf6 12. Qxd5 Nb4 13. Qd2 d5 14. exd5
Nxc2+ 15. Qxc2 Bb4+ 16. Kd1 Qxd5+ 17. Kc1 b5 18. Nd6+ Kd7 19. Nxc8 Rxc8 20.
Bxb5+ Qxb5 21. Rd1+ Bd6 22. Rxd6+ Kxd6 23. Qxc8 Qf1+ 24. Kc2 Qxf2+ 1/2-1/2

[Event "Championnat de France - Open A"]
[Site "Pau"]
[Date "2008.08.13"]
[Round "2.6"]
[White "Redon, Bruno"]
[Black "Forestier, Carole"]
[Result "1-0"]
[WhiteElo "2164"]
[BlackElo "2067"]
[PlyCount "97"]

1. e4 e6 2. d4 d5 3. Nd2 Nf6 4. e5 Ne4 5. Nxe4 dxe4 6. Be3 c5 7. dxc5 Nd7 8. f4
exf3 9. Nxf3 Qa5+ 10. c3 Qc7 11. b4 Be7 12. Bd4 O-O 13. Bd3 b6 14. cxb6 Nxb6
15. O-O Bb7 16. Qc2 h6 17. Qf2 Nc4 18. Rae1 Rad8 19. Bb1 Na3 20. Bxa7 Qxc3 21.
Re3 Nxb1 22. Rxc3 Nxc3 23. a3 Rd7 24. Bb6 Ra8 25. Nd4 Bg5 26. h4 Ne4 27. Qe2
Ng3 28. Qd3 Bxh4 29. Rf4 Nf5 30. Qb5 Rd5 31. Bc5 Nxd4 32. Rxd4 Rxd4 33. Bxd4
Bd5 34. a4 Rc8 35. Bc5 Bb3 36. a5 Rd8 37. Bd6 Rc8 38. Bc7 Bd5 39. Qd7 Ra8 40.
b5 Be1 41. a6 Kh7 42. Bd6 Bc3 43. Qxf7 Bd4+ 44. Kh1 Rc8 45. Bc7 Bc5 46. b6 Rg8
47. b7 Ba7 48. Bb6 Bb8 49. a7 1-0